000 01065nam0a22002771 4500
001 rc\2771136
005 20250806204328.0
035 _a(NLR Aleph) 006897508
090 _a28029
_c28029
100 _a20110915d1941 u y0rusy50 ca
101 0 _arus
102 _aRU
105 _aa j |||||
200 1 _aУчебное пособие для слесарей-ортопедистов (техминимум)
_fИнж. М. И. Вавпшевич
_gПод ред. ... Д. М. Лабок
_gНауч.-исслед. клиника протезирования и ортопедии Наркомсобеса РСФСР
210 _aМосква
_cИзд-во НКСО РСФСР
_d1941
215 _a108 с.
_cил.
_d20 см.
320 _aБиблиогр.: с. 105
700 1 _aВавпшевич
_bМ.И.
702 1 _aЛабок
_bД.М.
_4340
801 0 _aRU
_bNLR
_gpsbo
801 1 _aRU
_bELAR
_2rusmarc
852 _aNLR
_jТ36 Г-3/21
942 _cBOOK
945 _aРоссийская национальная библиотека
980 _aNB
980 _aBV